<?xml version="1.0" encoding="UTF-8"?><?xml-stylesheet type="text/xsl" href="static/style.xsl"?><OAI-PMH xmlns="http://www.openarchives.org/OAI/2.0/" xmlns:xsi="http://www.w3.org/2001/XMLSchema-instance" xsi:schemaLocation="http://www.openarchives.org/OAI/2.0/ http://www.openarchives.org/OAI/2.0/OAI-PMH.xsd"><responseDate>2026-04-13T02:51:40Z</responseDate><request verb="GetRecord" identifier="oai:www.recercat.cat:2072/396219" metadataPrefix="marc">https://recercat.cat/oai/request</request><GetRecord><record><header><identifier>oai:recercat.cat:2072/396219</identifier><datestamp>2025-04-08T00:12:34Z</datestamp><setSpec>com_2072_98</setSpec><setSpec>col_2072_378192</setSpec></header><metadata><record xmlns="http://www.loc.gov/MARC21/slim" xmlns:dcterms="http://purl.org/dc/terms/" xmlns:xsi="http://www.w3.org/2001/XMLSchema-instance" xmlns:doc="http://www.lyncode.com/xoai" xsi:schemaLocation="http://www.loc.gov/MARC21/slim http://www.loc.gov/standards/marcxml/schema/MARC21slim.xsd">
   <leader>00925njm 22002777a 4500</leader>
   <datafield ind2=" " ind1=" " tag="042">
      <subfield code="a">dc</subfield>
   </datafield>
   <datafield ind2=" " ind1=" " tag="720">
      <subfield code="a">Ferrús Antón, Beatriz</subfield>
      <subfield code="e">author</subfield>
   </datafield>
   <datafield ind2=" " ind1=" " tag="260">
      <subfield code="c">2007</subfield>
   </datafield>
   <datafield ind2=" " ind1=" " tag="520">
      <subfield code="a">L'autora del següent treball ha analitzat el món narratiu de dues novel·les de Rosa Chacel, Memorias de Leticia Valle i La sinrazón. La importància atorgada al coneixement, la reivindicació feminista o l'univers sensorial que envolta aquestes obres són característiques comunes en tota la narrativa de Chacel, una de les escriptores més representatives de la literatura espanyola del segle XX.</subfield>
   </datafield>
   <datafield ind2=" " ind1=" " tag="520">
      <subfield code="a">La autora del siguiente trabajo ha analizado el mundo narrativo de dos novelas de Rosa Chacel, Memoria de Leticia Valle y La sinrazón. La importancia otorgada al conocimiento, la reivindicación feminista o el universo sensorial que envuelve estas obras son características comunes en toda la narrativa de Chacel, una de las escritoras más representativas de la literatura española del siglo XX.</subfield>
   </datafield>
   <datafield ind2="0" ind1="0" tag="245">
      <subfield code="a">Anàlisi del món narratiu de Rosa Chacel</subfield>
   </datafield>
</record></metadata></record></GetRecord></OAI-PMH>